000 00395 a2200133 4500
001 92226
082 _aPR 2486
090 _c44187
_d44186
100 _aHamza Ashraf; Prof Shuaib Salamat and Dr. Ali Sarosh (Advisors)
245 _aDesign, Analysis and Simulation of a Rocket Propulsion System
_h78 "A" EC
260 _aIslamabad
_bNUST
_c2015
300 _ax,59p.
500 _aBE Project Report
942 _aCAE NUST
_kPR 2486
999 _c327299
_d327299